| 000 | 01176cam a2200301 i 4500 | ||
|---|---|---|---|
| 005 | 20180803165237.0 | ||
| 008 | 050307t 2004njuabo r 001 0 eng d | ||
| 015 | _aNNN | ||
| 020 | _a0691116946 | ||
| 040 |
_aDLC _cDLC _dDLC _dCO-BoPUJ _dCO-BoIAVH |
||
| 041 | 0 | _aeng | |
| 043 | _acl----- | ||
| 082 | 0 | 4 |
_a581.98 _bS642f |
| 245 | 0 | 0 |
_aFlowering plants of the neotropics / _cedited by Nathan P. Smith y (otros cuatro editores). |
| 260 |
_aPrinceton, New Jersey : _bPrinceton University, _cc2004. |
||
| 300 |
_axxii, 594 p., [64] p. de láminas a color : _bilustraciones y mapas ; _c29 cm. |
||
| 504 | _aIncluye referencias bibliográficas, glosario e índice. | ||
| 650 | 2 | 4 |
_aBotánica _zAmérica Latina |
| 650 | 2 | 4 |
_aPlantas _xIdentificación |
| 650 | 2 | 4 | _aTaxonomía vegetal |
| 650 | 2 | 4 | _aFloración vegetal |
| 650 | 2 | 4 | _aDicotiledoneas |
| 650 | 2 | 4 | _aMonocotiledóneas |
| 700 | 1 |
_aSmith, Nathan P., _d1974-, _eeditor. |
|
| 700 | 1 |
_aMori, Scott A., _d1941-, _eeditor. |
|
| 856 | 4 | 0 |
_zPara consultar la tabla de contenido presione aquí _uhttp://www.loc.gov/catdir/toc/prin051/2003045968.html |
| 942 |
_2ddc _cLIBRO |
||
| 999 |
_c5042 _d5042 |
||